| 000 | 00428nam a22001457a 4500 | ||
|---|---|---|---|
| 082 |
_a327.174 _bAKH _cL-30-II, P-166 |
||
| 100 |
_aAli Akhtar _915606 |
||
| 245 |
_aSouth Asia Nuclear Stalemate or Conflagration _cAkhtar Ali |
||
| 260 |
_aKarachi _bResearch on Armament and Poverty _c1987 |
||
| 300 | _a225p.: | ||
| 526 |
_a0 _b0 _c0 _d327_174000000000000_AKH |
||
| 650 |
_aMCE _9379 |
||
| 700 |
_aAkhtar Ali _99141 |
||
| 942 |
_2ddc _cBK |
||
| 999 |
_c542572 _d542572 |
||